000 00923nam a22002417a 4500
999 _c65628
_d65628
005 20240530110835.0
008 191021s ua f b 000 0 ara d
017 _a2003/20125
_bمصر. دار الكتب
020 _a9773056333
040 _aEG-CaGPL
_cEG-CaGPL
082 0 4 _221
_a340.532
_bق/م ج
100 0 _aمنال محمود محمد محمود
245 1 2 _aالجريمة والعقاب فى مصر القديمة /
_cتاليف منال محمود محمد محمود
260 _aالقاهرة :
_bالمجلس الاعلى للثقافة،
_c2003
300 _a389 ص. :
_c24 سم.
504 _aيشتمل على ارجاعات ببليوجرافية
650 0 7 _2qrmak
_aمصر القديمة
_xتاريخ
650 0 7 _aمكافحة الجريمة
_zمصر القدية
650 0 7 _aالعقوبات
651 0 7 _2qrmak
942 _2ddc
_cBK